000 00709nam a22001937a 4500
003 OSt
005 20240905104025.0
008 240905b ||||| |||| 00| 0 eng d
040 _cAIMIT LIBRARY
100 _aPrekshith.
_e2216146
_9178767
245 _aAnalyzing the interplay of working capital management and profitability: a case study of sobha limited /
_cBy Prekshith ; Guided by P V Sumitha.
260 _aBengaluru ;
_c2024.
650 _aIndustry profile company profile and introduction to the study
_9178768
650 _aResearch methodology
_9178769
650 _aData analysis and interpretation
_9178770
700 _aSumitha P V.
_eGuide
_9178771
856 _3Sobha Ltd.
942 _2ddc
_cPRO
999 _c231746
_d231746